00740nam a22002057a 450000500170000001000150001702000260003203500140005803700130007208200110008510000240009624500860012026000430020627000540024930000250030350000400032894200250036899900170039395201240041020150922125021.0 aENG-113714 a9788170546665c400.00 aEN- 97246 bDBAD/PUB a793.31 aPani, Prabhat Kumar aSeraikella chhau :cby Prabhat Kumar Panibcultural, ritual, and social aspects / aNew DelhibClassical Publishing c2014 a28, Shopping Centre, KarampurabNew Delhie110015 aviii,127p.c21cm(Hb) aIncludes bibliographical references 2ddccENmPANh793.31 c95300d95300 001040718NFICaDBADbDBADd2015-07-28eDBAD/PUBg400.00l0o793.31 PANpEN-97246r2015-07-28 00:00:00t1v400.00yEN